| 000 | 01166nam a22002657a 4500 | ||
|---|---|---|---|
| 003 | OSt | ||
| 005 | 20210322154702.0 | ||
| 008 | 210322b ||||| |||| 00| 0 spa d | ||
| 020 | _a9789210047432 (versión impresa) | ||
| 020 | _a9789210047432 (versión pdf) | ||
| 020 | _a9789213582930 (versión epub) | ||
| 040 |
_aDO-SdBNP _bspa _cBNPHU |
||
| 082 | 4 |
_a330.98 _bE82 |
|
| 245 | 0 | 0 |
_aEstudio económico de América Latina y el Caribe : _bprincipales condicionantes de las politicas fiscal y monetaria en la era pospandemia de covid-19 |
| 260 |
_aSantiago, República Dominicana : _bNaciones Unidas, _c2020 |
||
| 300 |
_a206 p. : _bil. cuadros, gráficos, tablas, _c28 cm |
||
| 500 | _aIncluye referencias bibliográficas y notas al pie de las paginas | ||
| 590 | _aInventariado, 2021 / DG | ||
| 650 | 4 |
_aCOVID-19 (Enfermedad) _932299 _zAmérica Latina _xAspectos económicos _y2020- |
|
| 650 | 4 |
_aPolítica monetaria _zAmérica Latina _y2020- _978226 |
|
| 650 | 4 |
_aPolítica fiscal _zAmérica Latina _y2020- _978227 |
|
| 651 | 4 |
_aAmérica Latina _xCondiciones económicas _y2020- _978228 |
|
| 910 | _aDG/2021/Validado. Control de calidad MFF | ||
| 942 |
_2ddc _cLBS1 |
||
| 999 |
_c49648 _d49648 |
||